Normal view
MARC view
Entry Personal Name
001 - CONTROL NUMBER
- control field: 5676
003 - CONTROL NUMBER IDENTIFIER
- control field: OSt
005 - DATE AND TIME OF LATEST TRANSACTION
- control field: 20120105141305.0
008 - FIXED-LENGTH DATA ELEMENTS
- fixed length control field: 120105|||a|||||| | ||| d
040 ## - CATALOGING SOURCE
- Original cataloging agency: OSt
- Transcribing agency: OSt
100 ## - HEADING--PERSONAL NAME
- Personal name: Fifoot, C. H. S.
- Fuller form of name: (Cecil Herbert Stuart),
- Dates associated with a name: 1899-1975.
670 ## - SOURCE DATA FOUND
- Source citation: Work cat.: (OSt)0: Fifoot, C. H. S. (Cecil Herbert Stuart), 1899-1975., History and sources of the common law :, 1949.
